| 000 | 00819nam a22002177a 4500 | ||
|---|---|---|---|
| 999 |
_c3730 _d3730 |
||
| 003 | AR-CdUCM | ||
| 008 | 190307b ||||| |||| 00| 0 spa d | ||
| 040 |
_aMUNICIPALIDAD PROVINCIAL DEL CUSCO _cBIBLIOTECA MUNICIPAL DEL CUSCO |
||
| 082 |
_22ed. _a332.71 / _bSA17 |
||
| 100 |
_aSalaverry Llosa, Jose _912070 |
||
| 245 | _aFinanciamiento Integral del Agro / | ||
| 260 |
_aLima : _bUniversidad del Pacifico, _c1986. |
||
| 300 |
_a109 paginas ; _bMapas, tablas, graficos, |
||
| 505 | _aContenido: Aspectos conceptuales y teoricos -- Recursos Financieros -- Desarrollo agricola -- politicas y programas de desarrollo agricola -- Acción de la banca de desarrollo... | ||
| 650 |
_aFinanciero _912071 |
||
| 650 |
_aRecursos _939 |
||
| 650 |
_aPerú _935 |
||
| 650 |
_aSiglo XX _98 |
||
| 942 |
_2ddc _cLIBROS |
||
| 945 | _apjha | ||